[Event "Plzen, JF C"]
[Site "?"]
[Date "1999.??.??"]
[Round "1.1"]
[White "Polak, T."]
[Black "Stehlik, J."]
[Result "1-0"]
[WhiteElo "2488"]
[BlackElo "2125"]
[PlyCount "87"]
[EventDate "1999.??.??"]
[Source "ChessBase"]
[SourceDate "1996.11.15"]

1. d4 d5 2. c4 c6 3. Nf3 Nf6 4. e3 g6 5. Nc3 Bg7 6. Be2 O-O 7. O-O e6 8. b4 b6
9. a4 a5 10. b5 Ne4 11. Nxe4 dxe4 12. Nd2 f5 13. Ba3 Rf7 14. f4 c5 15. Nb3 Rd7
16. Bb2 Raa7 17. Qc2 cxd4 18. exd4 Rac7 19. Rad1 Bb7 20. Qb1 g5 21. c5 Bd5 22.
cxb6 Rc8 23. Nc5 Rd6 24. b7 Rc7 25. Bc1 g4 26. Ba3 Rb6 27. Qc2 Bxb7 28. Qd2 Ba8
29. Qxa5 Nd7 30. Bc4 Bd5 31. Bxd5 exd5 32. Nxd7 Rxd7 33. Bc5 Rb8 34. Qxd8+
Rdxd8 35. Rb1 Bf8 36. a5 Bxc5 37. dxc5 d4 38. c6 Rdc8 39. Rfc1 d3 40. c7 Rb7
41. b6 d2 42. Rd1 e3 43. Kf1 Re8 44. Ke2 1-0

[Event "Plzen, JF C"]
[Site "?"]
[Date "1999.??.??"]
[Round "1.2"]
[White "Chrz, P."]
[Black "Konopka, M."]
[Result "0-1"]
[WhiteElo "2121"]
[BlackElo "2484"]
[PlyCount "68"]
[EventDate "1999.??.??"]
[Source "ChessBase"]
[SourceDate "1996.11.15"]

1. e4 Nf6 2. Nc3 d5 3. exd5 Nxd5 4. Bc4 c6 5. Qf3 Nf6 6. h3 Nbd7 7. d4 Nb6 8.
Bb3 a5 9. a3 a4 10. Ba2 g6 11. Nge2 Bf5 12. Bg5 Bxc2 13. Rc1 Bf5 14. g4 Bc8 15.
d5 Nfxd5 16. Nf4 Be6 17. Rd1 Bg7 18. Nxe6 fxe6 19. Ne4 Qc7 20. Qe2 Nd7 21. Bh4
Qe5 22. O-O O-O 23. Rfe1 Qxb2 24. Rd2 Qxa3 25. Ng5 Ne5 26. Nxe6 Qxh3 27. f4
Nf3+ 28. Qxf3 Qxf3 29. Nxf8 Rxf8 30. Bxe7 Qxg4+ 31. Rg2 Qxf4 32. Bxf8 Bxf8 33.
Rf1 Bc5+ 34. Kh1 Qxf1+ 0-1

[Event "Plzen, JF C"]
[Site "?"]
[Date "1999.??.??"]
[Round "1.3"]
[White "Volosin, L."]
[Black "Novacek, K."]
[Result "1-0"]
[WhiteElo "2423"]
[BlackElo "2102"]
[PlyCount "41"]
[EventDate "1999.??.??"]
[Source "ChessBase"]
[SourceDate "1996.11.15"]

1. d4 Nf6 2. c4 g6 3. Nc3 Bg7 4. e4 d6 5. Be2 O-O 6. Nf3 e5 7. O-O Nc6 8. d5
Ne7 9. Bg5 h6 10. Bxf6 Bxf6 11. b4 g5 12. Nd2 Ng6 13. Bg4 Nf4 14. g3 Bxg4 15.
Qxg4 h5 16. Qd1 Nh3+ 17. Kg2 g4 18. f3 Bg5 19. fxg4 Bxd2 20. Qxd2 hxg4 21. Rf5
1-0

[Event "Plzen, JF C"]
[Site "?"]
[Date "1999.??.??"]
[Round "1.4"]
[White "Hrbolka, L jr"]
[Black "Neuman, P."]
[Result "1-0"]
[WhiteElo "2099"]
[BlackElo "2384"]
[PlyCount "53"]
[EventDate "1999.??.??"]
[Source "ChessBase"]
[SourceDate "1996.11.15"]

1. e4 d6 2. d4 Nf6 3. Nc3 Nbd7 4. f4 c6 5. Bd3 e5 6. Nf3 Qb6 7. Bd2 Be7 8. Na4
Qc7 9. O-O b5 10. Nc3 Bb7 11. Kh1 a6 12. fxe5 dxe5 13. Qe1 exd4 14. Nxd4 Ng4
15. Bf4 Nge5 16. Nf5 Bf8 17. Qg3 g6 18. Nh6 Bd6 19. Rad1 f6 20. Be2 b4 21. Qh3
Ke7 22. Na4 c5 23. Bg4 Rad8 24. Bxd7 Qxd7 25. Bxe5 Bxe5 26. Rxd7+ Rxd7 27. Nxc5
1-0

[Event "Plzen, JF C"]
[Site "?"]
[Date "1999.??.??"]
[Round "1.5"]
[White "Gross, S."]
[Black "Klatil, K."]
[Result "1/2-1/2"]
[WhiteElo "2371"]
[BlackElo "2088"]
[PlyCount "75"]
[EventDate "1999.??.??"]
[Source "ChessBase"]
[SourceDate "1996.11.15"]

1. e4 e5 2. Nf3 Nc6 3. Bb5 a6 4. Bxc6 dxc6 5. O-O Bg4 6. h3 Bxf3 7. Qxf3 Qd7 8.
d3 Bd6 9. Nd2 Ne7 10. Nc4 Ng6 11. Bd2 f6 12. Qg3 O-O-O 13. b4 Nf4 14. Rfe1 g5
15. Qg4 Qxg4 16. hxg4 h5 17. gxh5 Rxh5 18. g3 Ne6 19. Kg2 Rdh8 20. Rh1 Rxh1 21.
Rxh1 Rxh1 22. Kxh1 c5 23. Kg2 Kd7 24. bxc5 Bxc5 25. Ne3 c6 26. Nf5 b5 27. f4
gxf4 28. gxf4 b4 29. Kf3 a5 30. Bc1 Bd4 31. fxe5 fxe5 32. Kg4 Bc3 33. Be3 a4
34. Nh4 Nc7 35. Kf3 Nb5 36. Ke2 Ke6 37. Nf3 Bb2 38. Bd2 1/2-1/2

[Event "Plzen, JF C"]
[Site "?"]
[Date "1999.??.??"]
[Round "1.6"]
[White "Vladyka, V."]
[Black "Lechtynsky, J."]
[Result "0-1"]
[WhiteElo "2082"]
[BlackElo "2365"]
[PlyCount "86"]
[EventDate "1999.??.??"]
[Source "ChessBase"]
[SourceDate "1996.11.15"]

1. e4 c5 2. Nf3 e6 3. d4 cxd4 4. Nxd4 Nf6 5. Nc3 d6 6. Bb5+ Bd7 7. Qe2 a6 8.
Bxd7+ Nbxd7 9. O-O Be7 10. Be3 Qc7 11. f4 Rc8 12. f5 e5 13. Nb3 b5 14. a3 h6
15. Rad1 Qb7 16. Qd3 O-O 17. Nd5 Nxd5 18. exd5 Bd8 19. Rf3 Nf6 20. Rg3 Kh7 21.
Kh1 Re8 22. c3 Bb6 23. Bxb6 Qxb6 24. Qe3 Qxe3 25. Rxe3 e4 26. Rd4 Re5 27. h3
Rxf5 28. Nd2 Re8 29. Nxe4 Nxe4 30. Rexe4 Rxe4 31. Rxe4 Rxd5 32. Re7 f5 33. Ra7
f4 34. Rxa6 Rd1+ 35. Kh2 Rd2 36. Kg1 Rxb2 37. Rxd6 Rb3 38. Rd4 Rxa3 39. Rxf4
Rxc3 40. Rb4 Rc5 41. Kf2 Re5 42. Kf3 Kg6 43. Kf4 Kf6 0-1

[Event "Plzen, JF C"]
[Site "?"]
[Date "1999.??.??"]
[Round "1.7"]
[White "Cech, P."]
[Black "Palkova, H."]
[Result "1-0"]
[WhiteElo "2356"]
[BlackElo "2054"]
[PlyCount "81"]
[EventDate "1999.??.??"]
[Source "ChessBase"]
[SourceDate "1996.11.15"]

1. d4 d5 2. c4 e6 3. Nc3 Nf6 4. Bg5 Nbd7 5. Nf3 c6 6. cxd5 exd5 7. e3 Be7 8.
Bd3 O-O 9. Qc2 Re8 10. O-O Nf8 11. h3 Ne4 12. Bf4 Nd6 13. b4 Nc4 14. b5 Be6 15.
Bxc4 dxc4 16. bxc6 bxc6 17. Ne5 Rc8 18. Qa4 Ng6 19. Nxc6 Qd7 20. Nxe7+ Qxe7 21.
Bg3 h5 22. d5 Bd7 23. Qxa7 h4 24. Bh2 Rcd8 25. Qd4 Qg5 26. f4 Qe7 27. f5 Ne5
28. Bxe5 Qxe5 29. Qxe5 Rxe5 30. e4 g6 31. fxg6 fxg6 32. a4 Rg5 33. Kh2 Ra8 34.
a5 Bc8 35. Na4 Ba6 36. Nc5 c3 37. Nxa6 Rxa6 38. Rf3 Re5 39. Ra4 Ra7 40. Rxc3
Rb7 41. a6 1-0

[Event "Plzen, JF C"]
[Site "?"]
[Date "1999.??.??"]
[Round "1.8"]
[White "Papay, J."]
[Black "Michalek, J."]
[Result "1-0"]
[WhiteElo "2044"]
[BlackElo "2330"]
[PlyCount "81"]
[EventDate "1999.??.??"]
[Source "ChessBase"]
[SourceDate "1996.11.15"]

1. e4 c5 2. Nf3 Nc6 3. d4 cxd4 4. Nxd4 Nf6 5. Nc3 e5 6. Ndb5 d6 7. Bg5 a6 8.
Bxf6 gxf6 9. Na3 b5 10. Nd5 Bg7 11. c3 f5 12. Bd3 Be6 13. Qh5 f4 14. g3 O-O 15.
gxf4 f5 16. Rg1 Bxd5 17. exd5 e4 18. dxc6 exd3 19. O-O-O b4 20. Nb1 Rc8 21.
Rxd3 Rf6 22. Rh3 h6 23. Rhg3 Rc7 24. Qe2 Kh8 25. Re3 Rf8 26. Qh5 Qc8 27. Rg6 d5
28. Ree6 Rff7 29. Qe2 Rf8 30. Re7 Rxe7 31. Qxe7 Rg8 32. Qd6 Kh7 33. Rg3 bxc3
34. Qg6+ Kh8 35. Nxc3 Qf8 36. Rh3 d4 37. Na4 d3 38. Kd1 d2 39. Nc5 Qe7 40. Ne6
Bf8 41. Rxh6+ 1-0

[Event "Plzen, JF C"]
[Site "?"]
[Date "1999.??.??"]
[Round "1.9"]
[White "Korenova, M."]
[Black "Dolezal, R sr"]
[Result "0-1"]
[WhiteElo "2285"]
[BlackElo "2035"]
[PlyCount "88"]
[EventDate "1999.??.??"]
[Source "ChessBase"]
[SourceDate "1996.11.15"]

1. e4 e5 2. Nf3 Nc6 3. Bc4 Nf6 4. Ng5 d5 5. exd5 Na5 6. Bb5+ c6 7. dxc6 bxc6 8.
Bf1 h6 9. Nh3 Bc5 10. d3 O-O 11. Nc3 Bf5 12. Be2 Qc8 13. Ng1 Rd8 14. Be3 Bxe3
15. fxe3 e4 16. d4 c5 17. Qd2 cxd4 18. exd4 Nc6 19. d5 Nb4 20. O-O-O e3 21.
Qxe3 Nxc2 22. Qe5 Nb4 23. Bf3 Nxa2+ 24. Kd2 Nxc3 25. bxc3 Rb8 26. Ne2 Rb2+ 27.
Ke1 Re8 28. Qd4 Qa6 29. c4 Qa2 30. Rd2 Rxd2 31. Qxd2 Qxc4 32. Kf2 Qc5+ 33. Kg3
Be4 34. d6 g5 35. Qd4 Qf5 36. Nc3 Qf4+ 37. Kf2 Ng4+ 38. Ke2 Bxf3+ 39. Kd3 Re3+
40. Kc4 Ne5+ 41. Kc5 Nd3+ 42. Kc4 Nb2+ 43. Kc5 Rxc3+ 44. Qxc3 Na4+ 0-1

[Event "Plzen, JF C"]
[Site "?"]
[Date "1999.??.??"]
[Round "1.10"]
[White "Foglar, S."]
[Black "Dolezal, R jr"]
[Result "0-1"]
[WhiteElo "2026"]
[BlackElo "2285"]
[PlyCount "78"]
[EventDate "1999.??.??"]
[Source "ChessBase"]
[SourceDate "1996.11.15"]

1. e4 e5 2. Nf3 Nc6 3. Bb5 a6 4. Ba4 Nf6 5. O-O Be7 6. Re1 b5 7. Bb3 O-O 8. a4
Bb7 9. d3 d6 10. Nc3 b4 11. Ne2 Na5 12. Ba2 c5 13. Ng3 Bc8 14. h3 Rb8 15. Bg5
b3 16. cxb3 Be6 17. Nd2 Ne8 18. Bxe7 Qxe7 19. Nc4 Nc6 20. Rc1 Kh8 21. Qd2 Nd4
22. Qd1 f5 23. exf5 Nxf5 24. Nxf5 Rxf5 25. Qd2 Nc7 26. Kh2 Nd5 27. Ne3 Rg5 28.
Nxd5 Bxd5 29. g3 Qf6 30. Qe3 Rf5 31. Rc2 Rf3 32. Qe2 Rf8 33. Kg1 h5 34. h4 g5
35. Qf1 gxh4 36. Qh3 Rxf2 37. Rce2 Qf3 38. Re3 Rg2+ 39. Kh1 Qf1+ 0-1

[Event "Plzen, JF C"]
[Site "?"]
[Date "1999.??.??"]
[Round "1.11"]
[White "Civin, T."]
[Black "Muller, O."]
[Result "1-0"]
[WhiteElo "2278"]
[BlackElo "2143"]
[PlyCount "33"]
[EventDate "1999.??.??"]
[Source "ChessBase"]
[SourceDate "1996.11.15"]

1. e4 c5 2. Nf3 d6 3. d4 cxd4 4. Nxd4 Nf6 5. Nc3 g6 6. Be3 Bg7 7. Qd2 O-O 8. f3
Nc6 9. Bc4 a6 10. O-O-O Qc7 11. Bb3 b5 12. Nxc6 Qxc6 13. Nd5 Qb7 14. Nxf6+ Bxf6
15. Bd5 Qb8 16. Bxa8 Qxa8 17. Bd4 1-0

[Event "Plzen, JF C"]
[Site "?"]
[Date "1999.??.??"]
[Round "1.12"]
[White "Falout, L."]
[Black "Novak, P."]
[Result "1-0"]
[WhiteElo "2129"]
[BlackElo "2274"]
[PlyCount "71"]
[EventDate "1999.??.??"]
[Source "ChessBase"]
[SourceDate "1996.11.15"]

1. e4 c5 2. d4 cxd4 3. c3 d3 4. c4 Nc6 5. Bxd3 g6 6. Nf3 Bg7 7. O-O d6 8. h3
Nf6 9. Nc3 O-O 10. Be3 Bd7 11. Qe2 a6 12. a3 Rb8 13. Rfc1 Qa5 14. b4 Qh5 15.
Ra2 Be6 16. Nd5 Bh6 17. Bxh6 Qxh6 18. Rac2 Nd7 19. b5 axb5 20. cxb5 Bxd5 21.
exd5 Nce5 22. Rc7 Nxf3+ 23. Qxf3 Ne5 24. Qd1 b6 25. R1c3 Qg5 26. Be2 f5 27. Ra7
Ra8 28. Ra6 Nd7 29. Rc6 Qf6 30. Qc1 Kg7 31. Rc7 Rxa6 32. bxa6 Nc5 33. Bb5 f4
34. Qe1 Kf7 35. a7 f3 36. g3 1-0

[Event "Plzen, JF C"]
[Site "?"]
[Date "1999.??.??"]
[Round "1.13"]
[White "Hlavnicka, J."]
[Black "Matejka, P."]
[Result "0-1"]
[WhiteElo "2239"]
[BlackElo "2083"]
[PlyCount "60"]
[EventDate "1999.??.??"]
[Source "ChessBase"]
[SourceDate "1996.11.15"]

1. Nf3 Nf6 2. c4 b6 3. Nc3 Bb7 4. d4 e6 5. e3 Be7 6. Bd3 d6 7. O-O c5 8. b3 O-O
9. Bb2 Nbd7 10. Qc2 a6 11. d5 e5 12. Nd2 g6 13. f4 Ng4 14. Rae1 f5 15. h3 Nh6
16. e4 Bc8 17. exf5 Nxf5 18. Nce4 Nd4 19. Bxd4 cxd4 20. g3 exf4 21. gxf4 Bh4
22. Re2 Nf6 23. Rf3 Nh5 24. Qb2 Nxf4 25. Rh2 Ra7 26. Qxd4 Raf7 27. Bf1 a5 28.
a3 Nh5 29. Rxf7 Rxf7 30. Nxd6 Bf6 0-1

[Event "Plzen, JF C"]
[Site "?"]
[Date "1999.??.??"]
[Round "1.14"]
[White "Cervinka, M."]
[Black "Miskovsky, P."]
[Result "1/2-1/2"]
[WhiteElo "2044"]
[BlackElo "2232"]
[PlyCount "96"]
[EventDate "1999.??.??"]
[Source "ChessBase"]
[SourceDate "1996.11.15"]

1. Nf3 d5 2. g3 Nc6 3. c4 d4 4. d3 Bg4 5. Bg2 Qd7 6. b4 f6 7. b5 Nd8 8. h3 Bf5
9. Nh4 Be6 10. Bb2 g5 11. Nf3 c5 12. bxc6 Nxc6 13. Qa4 Rd8 14. Nbd2 Bf5 15. Rb1
e5 16. Ba1 Nge7 17. g4 Bg6 18. h4 gxh4 19. Nxh4 Bg7 20. Nxg6 hxg6 21. Rxh8+
Bxh8 22. Bf3 b6 23. Ne4 Nb8 24. Qxd7+ Nxd7 25. Bb2 Nc8 26. Ba3 Kf7 27. Kd2 Bg7
28. Rh1 Rh8 29. Rxh8 Bxh8 30. Nd6+ Nxd6 31. Bxd6 Bg7 32. Bc6 Ke6 33. Ba3 Nc5
34. Be8 g5 35. Bg6 Bf8 36. Bf5+ Kf7 37. Kc2 Na4 38. Bxf8 Kxf8 39. Kb3 Nc3 40.
e3 Ke7 41. a3 Kd6 42. Kc2 Kc5 43. Bd7 a6 44. Bc8 a5 45. Bd7 e4 46. Bf5 b5 47.
cxb5 Nxb5 48. Kb3 dxe3 1/2-1/2

[Event "Plzen, JF C"]
[Site "?"]
[Date "1999.??.??"]
[Round "1.15"]
[White "Cernousek, L."]
[Black "Snaidr, J."]
[Result "0-1"]
[WhiteElo "2203"]
[BlackElo "2022"]
[PlyCount "56"]
[EventDate "1999.??.??"]
[Source "ChessBase"]
[SourceDate "1996.11.15"]

1. e4 c5 2. Nf3 Nc6 3. d4 cxd4 4. Nxd4 Nf6 5. Nc3 d6 6. Be2 e5 7. Nb3 Be7 8.
Bg5 Be6 9. Bxf6 Bxf6 10. Nd5 O-O 11. Nxf6+ Qxf6 12. Qxd6 a5 13. c3 Qg5 14. O-O
Bh3 15. Bf3 Rad8 16. Qc5 Rd3 17. Kh1 a4 18. gxh3 Rxf3 19. Rg1 Qh6 20. Na5 Nxa5
21. Qxa5 Qf6 22. Raf1 g6 23. Qb5 Rd8 24. Qe2 Rfd3 25. Rd1 Rxd1 26. Rxd1 Rxd1+
27. Qxd1 Qxf2 28. Qxa4 Qf1# 0-1

[Event "Plzen, JF C"]
[Site "?"]
[Date "1999.??.??"]
[Round "1.16"]
[White "Ungr, D."]
[Black "Orsag, M."]
[Result "1-0"]
[WhiteElo "2008"]
[BlackElo "2185"]
[PlyCount "78"]
[EventDate "1999.??.??"]
[Source "ChessBase"]
[SourceDate "1996.11.15"]

1. e4 c5 2. Nf3 Nc6 3. d4 cxd4 4. Nxd4 e5 5. Nb5 d6 6. N1c3 a6 7. Na3 b5 8. Nd5
Nf6 9. Bg5 Be7 10. Bxf6 Bxf6 11. Nxf6+ gxf6 12. g3 Be6 13. Bg2 b4 14. Nb1 Rc8
15. O-O Qb6 16. Qd2 Qd4 17. Qc1 Qc5 18. c3 Na5 19. Qh6 Ke7 20. a3 b3 21. Nd2
Rcg8 22. Rfe1 Rg5 23. Rad1 Bg4 24. Nf3 Bxf3 25. Bxf3 Nc4 26. Rd5 Qc6 27. h4 Rg6
28. Qc1 Rd8 29. Kg2 Nb6 30. Rdd1 Na4 31. Re2 Rgg8 32. Qe3 Qc5 33. Qd3 Qc6 34.
Red2 Nc5 35. Qc4 Qb6 36. Bh5 Ne6 37. Kf1 Rd7 38. Be2 a5 39. Qa4 Rgd8 1-0

[Event "Plzen, JF C"]
[Site "?"]
[Date "1999.??.??"]
[Round "1.17"]
[White "Brazdil, R."]
[Black "Koutecky, V."]
[Result "1-0"]
[WhiteElo "2183"]
[BlackElo "1962"]
[PlyCount "53"]
[EventDate "1999.??.??"]
[Source "ChessBase"]
[SourceDate "1996.11.15"]

1. e4 c5 2. Nf3 e6 3. d4 cxd4 4. Nxd4 a6 5. Nc3 Qc7 6. Bd3 Nc6 7. Nf3 Nf6 8.
O-O Be7 9. Re1 d6 10. Bf4 Nd7 11. Qd2 Nde5 12. Be2 O-O 13. Nd4 b5 14. Rad1 Bb7
15. a4 b4 16. Na2 Rfd8 17. Nxb4 Nxb4 18. Qxb4 Ng6 19. Bg3 Rab8 20. Qc4 Qd7 21.
b3 Bxe4 22. Qxa6 e5 23. Bb5 Bb7 24. Bxd7 Bxa6 25. Nc6 Rxd7 26. Nxb8 Ra7 27. Nc6
1-0

[Event "Plzen, JF C"]
[Site "?"]
[Date "1999.??.??"]
[Round "1.18"]
[White "Hercik, J."]
[Black "Satransky, J."]
[Result "1/2-1/2"]
[WhiteElo "1922"]
[BlackElo "2180"]
[PlyCount "96"]
[EventDate "1999.??.??"]
[Source "ChessBase"]
[SourceDate "1996.11.15"]

1. e4 e5 2. Nf3 Nc6 3. Bb5 a6 4. Ba4 b5 5. Bb3 Bc5 6. c3 d6 7. d4 exd4 8. cxd4
Bb6 9. Bg5 Nge7 10. h3 Na5 11. Nbd2 Nxb3 12. Nxb3 O-O 13. O-O h6 14. Be3 Ng6
15. Rc1 Qe7 16. Re1 Bd7 17. d5 Rfc8 18. Bxb6 cxb6 19. Qd4 Qd8 20. Rxc8 Rxc8 21.
Rc1 Rxc1+ 22. Nxc1 Qc7 23. Nd3 f6 24. a3 Kf7 25. Nfe1 a5 26. b4 Ke7 27. f4 Qc4
28. Nf3 Nh4 29. Nde1 Nxf3+ 30. Nxf3 Qc1+ 31. Kf2 Qxa3 32. e5 Qa2+ 33. Kg3 Qc4
34. exd6+ Kxd6 35. Qxb6+ Kxd5 36. Qxa5 g5 37. Qa8+ Qc6 38. Qg8+ Qe6 39. Qa8+
Kc4 40. Qf8 gxf4+ 41. Kxf4 Qf5+ 42. Kg3 Bc6 43. Qxh6 Kxb4 44. Qd2+ Kc4 45. Qd4+
Kb3 46. Qd1+ Kb4 47. Qd2+ Ka4 48. Qa2+ Kb4 1/2-1/2

[Event "Plzen, JF C"]
[Site "?"]
[Date "1999.??.??"]
[Round "1.19"]
[White "Svarc, R."]
[Black "Nosek, F."]
[Result "0-1"]
[WhiteElo "2175"]
[BlackElo "1909"]
[PlyCount "102"]
[EventDate "1999.??.??"]
[Source "ChessBase"]
[SourceDate "1996.11.15"]

1. c4 e6 2. Nc3 Nf6 3. e4 d6 4. d4 Be7 5. Be2 O-O 6. Be3 b6 7. Bf3 e5 8. d5 Bb7
9. Nge2 c6 10. g4 cxd5 11. exd5 Nbd7 12. g5 Ne8 13. Qd2 f5 14. gxf6 Ndxf6 15.
Rg1 Qd7 16. Qd3 Bc8 17. Ng3 Qh3 18. O-O-O Ng4 19. Be4 Nxe3 20. fxe3 Rf2 21.
Rdf1 Rxf1+ 22. Rxf1 Nf6 23. Bf5 Qxh2 24. e4 Qh4 25. Nb5 g6 26. Bxc8 Rxc8 27.
Nxa7 Ra8 28. Nc6 Bf8 29. Kb1 Bg7 30. Rg1 Qf4 31. a3 Nd7 32. Ne7+ Kh8 33. Rh1
Qf6 34. Nc6 Rf8 35. Rf1 Qg5 36. Rxf8+ Bxf8 37. Qf3 Bh6 38. Ne2 Qd2 39. Nd8 Bf4
40. Nf7+ Kg7 41. Nxd6 Nc5 42. Nxf4 exf4 43. Qh3 Qd1+ 44. Ka2 f3 45. Ne8+ Kf8
46. Qc8 Qb3+ 47. Ka1 f2 48. Nd6+ Kg7 49. Qc7+ Kf6 50. Ne8+ Kg5 51. Qe5+ Kg4 0-1

[Event "Plzen, JF C"]
[Site "?"]
[Date "1999.??.??"]
[Round "1.20"]
[White "Cernik, L."]
[Black "Novotny, J."]
[Result "0-1"]
[WhiteElo "1903"]
[BlackElo "2178"]
[PlyCount "78"]
[EventDate "1999.??.??"]
[Source "ChessBase"]
[SourceDate "1996.11.15"]

1. e4 e6 2. d4 d6 3. Nf3 Ne7 4. c4 Nd7 5. Nc3 g6 6. Be2 Bg7 7. O-O b6 8. Be3
Bb7 9. Qd2 h6 10. Rac1 a6 11. Rfd1 Nf6 12. e5 Ng4 13. exd6 cxd6 14. Bf4 g5 15.
Bg3 Nf5 16. d5 Nxg3 17. hxg3 Qf6 18. Ne4 Qe7 19. Qb4 Rd8 20. Qxb6 O-O 21. c5
exd5 22. Nxd6 Qxe2 23. Rd2 Qe6 24. Qxb7 Nf6 25. Nd4 Qd7 26. N4f5 Qxb7 27. Nxb7
Rd7 28. c6 Rc7 29. b4 Rb8 30. Nc5 Rb6 31. Nxa6 Rxa6 32. b5 Rb6 33. a4 Bf8 34.
Rb1 Rcxc6 35. a5 Rxb5 36. Rxb5 Rc1+ 37. Kh2 Ng4+ 38. Kh3 h5 39. Nh6+ Bxh6 0-1

[Event "Plzen, JF C"]
[Site "?"]
[Date "1999.??.??"]
[Round "1.21"]
[White "Eretova, J."]
[Black "Zelezny, J."]
[Result "1/2-1/2"]
[WhiteElo "2177"]
[BlackElo "1903"]
[PlyCount "92"]
[EventDate "1999.??.??"]
[Source "ChessBase"]
[SourceDate "1996.11.15"]

1. e4 c6 2. d4 d5 3. exd5 cxd5 4. Bd3 Nf6 5. h3 Nc6 6. Nf3 g6 7. Bf4 Bg7 8. c3
O-O 9. Qc2 Bd7 10. O-O Rc8 11. Qe2 a6 12. Nbd2 b5 13. Nb3 Bf5 14. Nc5 Bxd3 15.
Qxd3 Nh5 16. Be3 f5 17. Ne6 Qd6 18. Nxf8 Rxf8 19. Rad1 h6 20. Ne5 f4 21. Bc1 g5
22. Rfe1 Nf6 23. Nxc6 Qxc6 24. Rxe7 Ne4 25. f3 Bf6 26. fxe4 Bxe7 27. exd5 Qd6
28. Qf3 Rf5 29. Re1 Rf6 30. Bd2 Kg7 31. Re2 a5 32. Be1 Bd8 33. h4 Rf5 34. hxg5
hxg5 35. c4 bxc4 36. Re5 Rxe5 37. dxe5 Bb6+ 38. Kh2 Qxe5 39. Bc3 Bd4 40. Kh3
Qf5+ 41. Kh2 Qh7+ 42. Qh3 Bxc3 43. bxc3 Qd3 44. Qd7+ Kg6 45. Qe8+ Kh6 46. Qh8+
Kg6 1/2-1/2

[Event "Plzen, JF C"]
[Site "?"]
[Date "1999.??.??"]
[Round "1.22"]
[White "Korinek, B."]
[Black "Spal, M."]
[Result "0-1"]
[WhiteElo "1895"]
[BlackElo "2175"]
[PlyCount "62"]
[EventDate "1999.??.??"]
[Source "ChessBase"]
[SourceDate "1996.11.15"]

1. d4 Nf6 2. Nf3 c5 3. dxc5 Qa5+ 4. Nc3 Ne4 5. Bd2 Nxd2 6. Qxd2 Qxc5 7. e4 e6
8. a3 a6 9. Be2 d6 10. O-O Be7 11. Rad1 O-O 12. Qd4 Qc7 13. e5 d5 14. Qg4 Bxa3
15. bxa3 Qxc3 16. Bd3 f5 17. exf6 Qxf6 18. Ng5 g6 19. Qh4 Rf7 20. f4 Nc6 21.
Rf3 Rg7 22. Qh6 b5 23. Rg3 Raa7 24. Kh1 Ne7 25. Rh3 Nf5 26. Bxf5 Qxf5 27. Re1
Rac7 28. c3 Qf6 29. Re5 d4 30. g4 dxc3 31. Ne4 Bb7 0-1

[Event "Plzen, JF C"]
[Site "?"]
[Date "1999.??.??"]
[Round "1.23"]
[White "Jirka, J."]
[Black "Kalista, K."]
[Result "1-0"]
[WhiteElo "2173"]
[BlackElo "1881"]
[PlyCount "53"]
[EventDate "1999.??.??"]
[Source "ChessBase"]
[SourceDate "1996.11.15"]

1. d4 Nf6 2. g3 d5 3. Nf3 c5 4. Bg2 cxd4 5. O-O g6 6. Nxd4 Bg7 7. c4 O-O 8. Nb5
a6 9. N5a3 d4 10. Nc2 e5 11. b4 Qc7 12. Nd2 Be6 13. Bb2 Rd8 14. Rc1 Nc6 15. b5
Na5 16. a4 d3 17. Nb4 dxe2 18. Qxe2 Rxd2 19. Qxd2 Nb3 20. Qc2 Nxc1 21. bxa6
Ne2+ 22. Qxe2 Bxc4 23. axb7 Re8 24. Rc1 Bxe2 25. Rxc7 Bg4 26. Nc6 Bd7 27. b8=Q
1-0

[Event "Plzen, JF C"]
[Site "?"]
[Date "1999.??.??"]
[Round "1.24"]
[White "Jenc, M."]
[Black "Hallerova, E."]
[Result "0-1"]
[WhiteElo "1871"]
[BlackElo "2152"]
[PlyCount "84"]
[EventDate "1999.??.??"]
[Source "ChessBase"]
[SourceDate "1996.11.15"]

1. e4 d6 2. d4 Nf6 3. Nc3 g6 4. Nf3 Bg7 5. Bc4 O-O 6. O-O Nxe4 7. Nxe4 d5 8.
Bd3 dxe4 9. Bxe4 Nd7 10. c3 c6 11. Bc2 Nf6 12. Bb3 Qc7 13. Ne5 Nd5 14. Re1 Be6
15. c4 Nf6 16. Bf4 Nh5 17. Bd2 c5 18. Bc3 cxd4 19. Qxd4 Rfd8 20. Qe3 a6 21. Bd4
Bh6 22. Qc3 Ng7 23. Be3 Bxe3 24. Rxe3 Nf5 25. Rd3 Rxd3 26. Nxd3 Rd8 27. c5 Bxb3
28. axb3 Qd7 29. Ne1 Nd4 30. Qc4 Qg4 31. Kf1 Qf4 32. Nf3 e5 33. Re1 Nxf3 34.
Qxf4 exf4 35. gxf3 Rd3 36. Re7 Rxb3 37. Re2 Rxf3 38. Kg2 Rb3 39. Rc2 Kg7 40.
Kf1 f3 41. Ke1 h5 42. Kd2 g5 0-1

[Event "Plzen, JF C"]
[Site "?"]
[Date "1999.??.??"]
[Round "1.25"]
[White "Hrbolka, L sr"]
[Black "Kovarik, J."]
[Result "1/2-1/2"]
[WhiteElo "2140"]
[BlackElo "1851"]
[PlyCount "48"]
[EventDate "1999.??.??"]
[Source "ChessBase"]
[SourceDate "1996.11.15"]

1. d4 Nf6 2. c4 e6 3. Nf3 d5 4. Nc3 Be7 5. g3 c6 6. Bg2 Nbd7 7. cxd5 exd5 8.
O-O O-O 9. Qc2 Re8 10. b3 Bd6 11. Bb2 Nf8 12. Rad1 Ng6 13. Rfe1 Qa5 14. a3 Bd7
15. b4 Qc7 16. Rc1 Rac8 17. Qb3 Qb8 18. b5 Re7 19. a4 Rce8 20. Ba3 Bxa3 21.
Qxa3 h5 22. Qb4 Qc8 23. Ng5 Ne4 24. Ngxe4 dxe4 1/2-1/2

[Event "Plzen, JF C"]
[Site "?"]
[Date "1999.??.??"]
[Round "1.26"]
[White "Vojir, V jr"]
[Black "Pinc, M."]
[Result "0-1"]
[WhiteElo "1768"]
[BlackElo "2140"]
[PlyCount "38"]
[EventDate "1999.??.??"]
[Source "ChessBase"]
[SourceDate "1996.11.15"]

1. d4 Nf6 2. c4 e5 3. e3 Bb4+ 4. Bd2 Bxd2+ 5. Nxd2 exd4 6. exd4 O-O 7. Bd3 d5
8. c5 Nc6 9. Ne2 Qe7 10. O-O Bg4 11. Nb3 Nb4 12. Nbc1 Rfe8 13. Re1 Nh5 14. f3
Qe3+ 15. Kh1 Ng3+ 16. hxg3 Re6 17. Ng1 Rh6+ 18. Nh3 Rxh3+ 19. gxh3 Bxf3+ 0-1

[Event "Plzen, JF C"]
[Site "?"]
[Date "1999.??.??"]
[Round "1.27"]
[White "Sladek, J."]
[Black "Vojir, V sr"]
[Result "1-0"]
[WhiteElo "2134"]
[BlackElo "1756"]
[PlyCount "83"]
[EventDate "1999.??.??"]
[Source "ChessBase"]
[SourceDate "1996.11.15"]

1. e4 c6 2. d4 d5 3. f3 dxe4 4. fxe4 e5 5. Nf3 exd4 6. Bc4 h6 7. O-O Nd7 8.
Bxf7+ Ke7 9. Nxd4 Ne5 10. Bxg8 Rxg8 11. Nc3 g6 12. Be3 Bg7 13. Nf3 Qxd1 14.
Raxd1 Nxf3+ 15. gxf3 Bxc3 16. bxc3 Be6 17. a3 h5 18. Kf2 a6 19. h4 Kf7 20. Bg5
Rac8 21. Rd6 Rge8 22. Rfd1 Rb8 23. Ke3 Rbc8 24. Kf4 Rb8 25. Bd8 Rc8 26. Kg5 Rb8
27. Bf6 Rbc8 28. c4 Rb8 29. c5 Rbc8 30. a4 Rg8 31. a5 Rce8 32. Rd7+ Bxd7 33.
Rxd7+ Kf8 34. Rxb7 Re6 35. e5 Ke8 36. Ra7 Rf8 37. Rxa6 Kf7 38. Ra7+ Ke8 39. f4
Rf7 40. Ra8+ Kd7 41. Kxg6 Re8 42. Ra7+ 1-0

[Event "Plzen, JF C"]
[Site "?"]
[Date "1999.??.??"]
[Round "2.1"]
[White "Hallerova, E."]
[Black "Polak, T."]
[Result "0-1"]
[WhiteElo "2152"]
[BlackElo "2488"]
[PlyCount "133"]
[EventDate "1999.??.??"]
[Source "ChessBase"]
[SourceDate "1996.11.15"]

1. e4 c5 2. Nf3 d6 3. Bb5+ Nd7 4. c3 Ngf6 5. Qe2 a6 6. Ba4 b5 7. Bc2 Bb7 8. d3
g6 9. O-O Bg7 10. Bg5 h6 11. Bh4 g5 12. Bg3 Nh5 13. Nbd2 Nxg3 14. hxg3 e6 15.
a4 Rb8 16. axb5 axb5 17. Rfd1 O-O 18. Nf1 Qb6 19. d4 Rbe8 20. Qd3 c4 21. Qd2 f5
22. Re1 f4 23. gxf4 gxf4 24. Nh4 Qd8 25. Ng6 Rf7 26. Nxf4 Qh4 27. Nh3 e5 28. d5
Nc5 29. Ng3 Bc8 30. Nf5 Bxf5 31. exf5 Bf6 32. Qe3 Rg7 33. Kh2 e4 34. g3 Qh5 35.
f4 Qxf5 36. Ra5 Qxd5 37. Rxb5 Qc6 38. Ra5 Bd8 39. Ra2 Bb6 40. Qe2 d5 41. Qh5
Rd8 42. Re2 Nd3 43. Ra1 Qf6 44. Qh4 Qxh4 45. gxh4 Bc7 46. b3 Rf8 47. Rg1 Bxf4+
48. Kh1 Rxg1+ 49. Kxg1 Ne5 50. bxc4 Nxc4 51. Bb3 Be3+ 52. Kg2 Rf3 53. Bxc4 dxc4
54. Ng1 Bxg1 55. Kxg1 Rf4 56. h5 Kf7 57. Rd2 Kf6 58. Kg2 Kg5 59. Rd4 e3 60.
Rd5+ Kg4 61. Rd6 Re4 62. Kf1 e2+ 63. Ke1 Kxh5 64. Rd8 Kg4 65. Rg8+ Kh4 66. Rg2
h5 67. Rg7 0-1